000 00674nam a2200241 i 4500
001 C2-0246802
003 PPAK
005 20180727211504.0
008 030325s2002 enka|||| ||||| | eng d
020 _a0751338842
040 _aPPAK
_beng
_cPPAK
_erda
082 0 4 _a796.334
_223
090 0 0 _a796.334
_bGOL
_dR
100 1 _aGoldblatt, David,
_eauthor
245 1 0 _aWorld football yearbook 2002-3 :
264 1 _aLondon :
_bDorling kindersley ,
_c2002
300 _a496 pages :
_bcolour illustrations ;
_c26 cm
336 _2rdacontent
_atext
337 _2rdamedia
_aunmediated
338 _2rdacarrier
_avolume
650 1 0 _aSoccer - Periodicals
942 _ddc
_cB
999 _c60704
_d60704